| 000 | 00437pab a2200157 454500 | ||
|---|---|---|---|
| 008 | 180718b2012 xxu||||| |||| 00| 0 eng d | ||
| 100 | _aSingh, Pooja | ||
| 245 | _aPerception about credibility of the national assessment and accreditation council: A conceptual review | ||
| 260 | _c2012 | ||
| 300 | _ap.20-25. | ||
| 362 | _a23 Jan | ||
| 650 | _aAccreditation(education) | ||
| 773 | _aUniversity News | ||
| 908 | _aN | ||
| 909 | _a94677 | ||
| 999 |
_c94677 _d94677 |
||